01633nam a22001937a 4500003000900000008004100009040007100050082002400121245007100145260003100216300004200247440004400289505098700333650002401320650002601344650002001370700002201390700002701412AR-CdUCM190429b ||||| |||| 00| 0 spa d aMUNICIPALIDAD PROVINCIAL DEL CUSCOcBIBLIOTECA MUNICIPAL DEL CUSCO aRijchariy/N°3/1967 aRijchariy :brevista cultural /cCesar Lomellini Carenzi, director aCusco :bRijchariy,c1967. a48 páginas. :bimágenes ;c24 cm. aRijchariy revista cultural.nN°3, 1967 aContenido: El congreso peruano de lengua quechua. Tarquino Guevara. -- Arte y Ciencia. Pablo Ojeda. -- A propósito del 4to salón de pintura contemporánea cuzqueña. Raúl Brozovich. -- Juan Machicado expone monocopias. -- Documentos creación de la academia de lengua quechua en el Cuzco. -- Frases proyectadas. -- Alcoholismo y miseria. -- Poetas del Perú Luis Nieto nuevo canto libertador a Cuzco. -- Tiempos buenos. Néstor Rivera Mariátegui. -- Dos poetas disimiles. -- Extensión universitaria y su labor en el área rural. -- Conspiración del Alma. -- Cine. Rumiñaui. -- Las afecciones bucodentales en el aborigen del Cuzco. Luis Dávila Negrón. -- Historia de un fracmento de cerámica. Alfredo Valencia. -- Reportaje de bolsillo visión del hombre y del universo en las últimas obras de César Vallejo. -- Justo Bejar. -- Concejo Provincial del Cuzco. Premio municipal de fomento a la cultura cuzqueña en homenaje a las fiestas patrias, bases. aPoesía cusqueña aLiteratura cusqueña aCine cusqueño aBrozovich, Raúl aBaush Bedoya, Germán